| 000 | 00462nam a2200169Ia 4500 | ||
|---|---|---|---|
| 008 | 140316s9999 xx 000 0 und d | ||
| 020 | _a8183212220 | ||
| 082 |
_a371.35 _bKAN/TR |
||
| 100 | _aKanwat,Manish | ||
| 245 | _aTraining Methodology in extension education | ||
| 260 |
_aUdaipur _bAgrotech Publishing Academy _c2011 |
||
| 300 | _a160 | ||
| 650 | _aExtension Education | ||
| 700 | _aChargotra,Meenakshi | ||
| 700 | _aKumar,Suresh P | ||
| 942 |
_2ddc _cBK |
||
| 999 |
_c11859 _d11859 |
||